Poetical Works of Geoffrey Chaucer (Record no. 2003)

MARC details
000 -LEADER
fixed length control field 00391nam a2200133Ia 4500
008 - FIXED-LENGTH DATA ELEMENTS--GENERAL INFORMATION
fixed length control field 211109s9999||||xx |||||||||||||| ||und||
082 ## - DEWEY DECIMAL CLASSIFICATION NUMBER
Classification number 821
Item number CHA-P
100 ## - MAIN ENTRY--PERSONAL NAME
Personal name Chaucer, Richard
245 #0 - TITLE STATEMENT
Title Poetical Works of Geoffrey Chaucer
260 ## - PUBLICATION, DISTRIBUTION, ETC.
Name of publisher, distributor, etc. BELL AND DALDY
Place of publication, distribution, etc. LONDON
Date of publication, distribution, etc. 1922
630 ## - SUBJECT ADDED ENTRY--UNIFORM TITLE
General subdivision General Stack
650 ## - SUBJECT ADDED ENTRY--TOPICAL TERM
Topical term or geographic name entry element English & Old English literatures
942 ## - ADDED ENTRY ELEMENTS (KOHA)
Koha item type BOOK
650 ## - SUBJECT ADDED ENTRY--TOPICAL TERM
Form subdivision English poetry
General subdivision Literature
Holdings
Withdrawn status Lost status Damaged status Not for loan Home library Current library Date acquired Cost, normal purchase price Total Checkouts Full call number Barcode Shelving location Date last seen Price effective from Koha item type
        SB LIBRARY SB LIBRARY 09/11/2021 100.00   821 CHA-P 00002173 GENERAL STACK 09/11/2021 09/11/2021 BOOK

Powered by Koha